Automation in manufacturing technology (Record no. 8607)

MARC details
000 -LEADER
fixed length control field 00982 a2200241 4500
010 ## - LIBRARY OF CONGRESS CONTROL NUMBER
LC control number ENG-88519
020 ## - INTERNATIONAL STANDARD BOOK NUMBER
International Standard Book Number 8189547143
Terms of availability 650.00
035 ## - SYSTEM CONTROL NUMBER
System control number EN-72052
037 ## - SOURCE OF ACQUISITION
Source of stock number/acquisition DBAD / PUB
082 14 - DEWEY DECIMAL CLASSIFICATION NUMBER
Classification number 670.285
090 ## - LOCALLY ASSIGNED LC-TYPE CALL NUMBER (OCLC); LOCAL CALL NUMBER (OCLC)
-- 8765
-- 8765
111 #1 - MAIN ENTRY--MEETING NAME
Meeting name or jurisdiction name as entry element National Conference on Automation in Manufacturing Technology
Location of meeting New Delhi (India)
Date of meeting March 24-25, 2006:
245 #1 - TITLE STATEMENT
Title Automation in manufacturing technology
Statement of responsibility, etc edited by S.C. Gupta ... [et al]
Remainder of title proceedings of national conference, March 24-25,2006 organized by Northern India Engineering College, New Delhi
260 ## - PUBLICATION, DISTRIBUTION, ETC. (IMPRINT)
Place of publication, distribution, etc Delhi
Name of publisher, distributor, etc Wisdom Publications
Date of publication, distribution, etc 2006
270 ## - ADDRESS
Address C-14, D.S.I.D.C. Work Centre, Jhilmil Colony,
City Delhi
Postal code 110 095
Telephone number 22162365, 9891185157
300 ## - PHYSICAL DESCRIPTION
Extent 446p.
Dimensions 24cm (Hb)
700 ## - ADDED ENTRY--PERSONAL NAME
Personal name Gupta, S.C.
700 ## - ADDED ENTRY--PERSONAL NAME
Personal name Arora, S.S.
700 ## - ADDED ENTRY--PERSONAL NAME
Personal name Sharma, Rishu
700 ## - ADDED ENTRY--PERSONAL NAME
Personal name Mohit Singh
942 ## - ADDED ENTRY ELEMENTS (KOHA)
Institution code [OBSOLETE] dpl
Koha item type English Books
Call number prefix 670.285 / NAT
Holdings
Withdrawn status Lost status Source of classification or shelving scheme Damaged status Not for loan Home library Current library Total Checkouts Full call number Barcode Date last seen Uniform Resource Identifier Cost, replacement price Price effective from Koha item type
    Dewey Decimal Classification     D.B.Act.Division D.B.Act.Division   670.285 EN-72052 15/09/2008 9547 650.00 15/09/2008 English Books

© Delhi Public Library
Hit Counter
free hit counter